| 000 | 00681nam a2200193Ia 4500 | ||
|---|---|---|---|
| 005 | 20230803152643.0 | ||
| 008 | 210716s1987 xx 000 0 und d | ||
| 040 | _cAIMIT LIBRARY | ||
| 041 | _aeng | ||
| 082 |
_a005.133 _21 _bMULH |
||
| 100 |
_aMullish, Henry. _9129241 |
||
| 245 |
_aSpirit of c: _bintroduction to modern programming / _cBy Henry Mullish and Mullish Cooper. |
||
| 250 | _a1st ed. | ||
| 260 |
_aNew Delhi: _bJaico Publishing House, _c1987. |
||
| 300 |
_axiv,527,A-82,I-11p. _bPB _c26 cm. |
||
| 650 |
_aC Programming _9129242 |
||
| 700 |
_aCooper, Herbert L. _9129255 |
||
| 942 |
_2ddc _cBK _e1st ed. _k005.133 MULH |
||
| 999 |
_c181217 _d181217 |
||